Bibliografía de Andrés Bello

Guardat en:
Dades bibliogràfiques
Autor principal: Millares Carlo, Agustín (autor)
Format: Llibre
Idioma:espanyol
Publicat: Madrid Fundación Universitaria Española 1978
Col·lecció:Biblioteca Histórica Hispanoamericana, 2
Matèries:
Etiquetes: Afegir etiqueta
Sense etiquetes, Sigues el primer a etiquetar aquest registre!

MARC

LEADER 00000nam a2200000 a 4500
001 UCZ4954
003 CL-VaPUC
008 951115e19780000SP |||||||||||||||||spa|d
082 0 4 |a Ve860.016  |b MIL  |2 21 
100 |a Millares Carlo, Agustín  |e autor  |9 576788 
245 1 0 |a Bibliografía de Andrés Bello 
300 |a 237 p 
942 |c BK 
945 |d 19951115 00:00:00  |a rleighto 
260 |a Madrid  |b Fundación Universitaria Española  |c 1978 
600 0 7 |a BELLO, ANDRES  |2 CL-VaPUC  |9 348915 
650 0 |a Bibliografías   |9 257071 
650 0 |a Literatura venezolana   |9 348916 
583 |a last modification  |c 19951115 00:00:00  |k Rodrigo Vera 
490 0 |a Biblioteca Histórica Hispanoamericana, 2 
999 |c 241295  |d 241293 
952 |0 0  |1 0  |4 0  |6 VE_860_016000000000000_MIL_1978  |7 0  |8 A  |9 253587  |a BIBEDU  |b BIBEDU  |d 2019-11-19  |i 3148025  |o Ve860.016 MIL 1978  |p 3148025  |r 2019-11-19  |w 2019-11-19  |y BK  |k LIT 
952 |0 0  |1 0  |4 0  |6 VE_860_016000000000000_MIL_1978  |7 0  |8 DER_HDC  |9 253588  |a BIBDER  |b BIBDER  |d 2019-11-19  |i 1892428  |o Ve860.016 MIL 1978  |p 1892428  |r 2023-01-25  |w 2019-11-19  |x Ubicación 4to Piso  |y BK  |z Estos recursos deben solicitarse con anticipación  |k DER